[Event "BL 0708 TV Tegernsee - Solinger SG"]
[Site "?"]
[Date "2007.11.24"]
[Round "3.8"]
[White "Gross, David"]
[Black "Gabriel, Christian"]
[Result "1/2-1/2"]
[WhiteElo "2491"]
[BlackElo "2508"]
[PlyCount "29"]
[EventDate "2007.??.??"]

1. e4 e5 2. Nf3 Nc6 3. Bb5 a6 4. Bxc6 dxc6 5. O-O f6 6. d4 exd4 7. Nxd4 c5 8.
Ne2 Qxd1 9. Rxd1 Bd7 10. Nbc3 Ne7 11. Be3 Ng6 12. Nf4 Bd6 13. Ncd5 O-O-O 14.
Nxg6 hxg6 15. Nb6+ 1/2-1/2

[Event "BL 0708 SC Eppingen - SV Wattenscheid"]
[Site "?"]
[Date "2007.11.24"]
[Round "3.1"]
[White "Rustemov, Alexander"]
[Black "Berkes, Ferenc"]
[Result "1/2-1/2"]
[WhiteElo "2552"]
[BlackElo "2606"]
[PlyCount "30"]
[EventDate "2007.??.??"]

1. c4 e6 2. Nc3 d5 3. d4 Be7 4. cxd5 exd5 5. Bf4 c6 6. e3 Bf5 7. Nge2 Bg6 8.
Bg3 Nf6 9. f3 O-O 10. Qd2 c5 11. Nf4 Nc6 12. Be2 cxd4 13. exd4 Rc8 14. Bf2 Bd6
15. Nxg6 hxg6 1/2-1/2

[Event "BL 0708 SC Eppingen - SV Wattenscheid"]
[Site "?"]
[Date "2007.11.24"]
[Round "3.3"]
[White "Appel, Ralf"]
[Black "Gyimesi, Zoltan"]
[Result "1/2-1/2"]
[WhiteElo "2529"]
[BlackElo "2610"]
[PlyCount "131"]
[EventDate "2007.??.??"]

1. d4 Nf6 2. Nf3 d5 3. c4 e6 4. Nc3 dxc4 5. e3 a6 6. a4 c5 7. Bxc4 Nc6 8. O-O
Qc7 9. d5 Nb4 10. dxe6 Bxe6 11. Qb3 Bxc4 12. Qxc4 Bd6 13. e4 O-O 14. Bg5 Ng4
15. h3 Ne5 16. Nxe5 Bxe5 17. Rad1 Rac8 18. Be3 Bh2+ 19. Kh1 Bf4 20. Bxf4 Qxf4
21. Nd5 Nxd5 22. Rxd5 b5 23. axb5 axb5 24. Qc2 h6 25. Rxc5 Rxc5 26. Qxc5 Qxe4
27. Qxb5 Rd8 28. Qa5 Rd6 29. Qc5 Rg6 30. f3 Qe2 31. Rf2 Qd1+ 32. Kh2 Qb3 33.
Qc8+ Kh7 34. Qf5 Qb8+ 35. Kh1 Kg8 36. Rc2 Re6 37. f4 g6 38. Qg4 Re1+ 39. Kh2
Qb6 40. Qc8+ Kh7 41. Qc5 Qf6 42. Rf2 h5 43. Qc3 Qxc3 44. bxc3 Rc1 45. Rf3 Rc2
46. h4 f6 47. Rd3 g5 48. fxg5 fxg5 49. hxg5 Kg6 50. Kh3 Kxg5 51. Rg3+ Kh6 52.
Kh4 Re2 53. Kh3 Rc2 54. Rd3 h4 55. Rd6+ Kg5 56. Rd5+ Kf6 57. Rc5 Ke6 58. Rc6+
Kf5 59. c4 Kg5 60. Rc5+ Kf6 61. Rc7 Kg6 62. Rc8 Kg7 63. Rc7+ Kg6 64. c5 Rc4 65.
c6 Kh6 66. Rc8 1/2-1/2

[Event "BL 0708 SC Eppingen - SV Wattenscheid"]
[Site "?"]
[Date "2007.11.24"]
[Round "3.4"]
[White "Acs, Peter"]
[Black "Holzke, Frank Dr"]
[Result "1-0"]
[WhiteElo "2548"]
[BlackElo "2485"]
[PlyCount "57"]
[EventDate "2007.??.??"]

1. e4 e5 2. Nf3 Nc6 3. Bb5 a6 4. Ba4 Nf6 5. O-O Nxe4 6. d4 b5 7. Bb3 d5 8. dxe5
Be6 9. c3 Be7 10. Be3 O-O 11. Nbd2 Bg4 12. Nxe4 dxe4 13. Qd5 Qxd5 14. Bxd5 exf3
15. Bxc6 fxg2 16. Rfc1 Rad8 17. a4 bxa4 18. Rxa4 Be2 19. c4 Rb8 20. Rxa6 Rxb2
21. Ra7 Rb3 22. Rxc7 Ba3 23. Ra1 Bxc4 24. Ba4 Bb2 25. Bxb3 Bxb3 26. Ra5 Bd1 27.
Rb5 Ba1 28. Rc1 Be2 29. Ra5 1-0

[Event "BL 0708 SC Eppingen - SV Wattenscheid"]
[Site "?"]
[Date "2007.11.24"]
[Round "3.5"]
[White "Handke, Florian"]
[Black "Guliyev, Namig"]
[Result "1-0"]
[WhiteElo "2497"]
[BlackElo "2560"]
[PlyCount "103"]
[EventDate "2007.??.??"]

1. e4 c5 2. Nf3 d6 3. c3 Nf6 4. Be2 Bd7 5. d3 e6 6. Nbd2 Bc6 7. O-O Nbd7 8. Re1
Be7 9. Bf1 Ne5 10. d4 Nxf3+ 11. Qxf3 cxd4 12. cxd4 O-O 13. Qg3 Qa5 14. e5 dxe5
15. dxe5 Nh5 16. Qe3 Bd5 17. Ne4 f5 18. Bd2 Bb4 19. a3 Bxd2 20. Qxd2 Qxd2 21.
Nxd2 Rac8 22. Rac1 Nf4 23. g3 Ng6 24. f4 Ne7 25. Nc4 Bxc4 26. Rxc4 Kf7 27. Rd1
Nd5 28. Rdc1 Rxc4 29. Rxc4 Rd8 30. Bg2 Rd7 31. Bxd5 exd5 32. Rc8 d4 33. Kf2 g5
34. Ke2 gxf4 35. gxf4 d3+ 36. Kd2 a5 37. Rh8 Ke6 38. Rf8 Rg7 39. Kxd3 Rg2 40.
Rf6+ Ke7 41. Rxf5 Rxh2 42. Rf6 b5 43. Ke4 h5 44. Rh6 h4 45. Kf5 h3 46. Rh7+ Kd8
47. e6 Rxb2 48. Rxh3 b4 49. Kf6 Re2 50. axb4 axb4 51. Rh8+ Kc7 52. e7 1-0

[Event "BL 0708 SC Eppingen - SV Wattenscheid"]
[Site "?"]
[Date "2007.11.24"]
[Round "3.6"]
[White "Medvegy, Zoltan"]
[Black "Dinstuhl, Volkmar Dr"]
[Result "1-0"]
[WhiteElo "2512"]
[BlackElo "2435"]
[PlyCount "81"]
[EventDate "2007.??.??"]

1. d4 Nf6 2. c4 e6 3. Nf3 d5 4. g3 c5 5. cxd5 exd5 6. Bg2 Nc6 7. O-O Be7 8. Nc3
O-O 9. dxc5 Bxc5 10. Bg5 d4 11. Bxf6 Qxf6 12. Nd5 Qd8 13. Nd2 Re8 14. Rc1 Bf8
15. Nb3 Be6 16. Nf4 Qb6 17. Bxc6 Bxb3 18. Qxb3 Qxb3 19. axb3 bxc6 20. Rc2 c5
21. Nd3 Rab8 22. Nc1 a5 23. Rd1 g6 24. Kf1 Rb5 25. h4 h6 26. Rc4 Kg7 27. Rd2 g5
28. hxg5 hxg5 29. Rdc2 Rd8 30. Nd3 Rd5 31. Ra4 Bd6 32. Ke1 g4 33. Kd2 Rf5 34.
Rc1 Rxb3 35. Rxa5 Rf6 36. Rc4 Rb8 37. Kd1 Rh8 38. Ra6 Rh1+ 39. Kc2 Rh5 40. b4
cxb4 41. Rxd4 1-0

[Event "BL 0708 SC Eppingen - SV Wattenscheid"]
[Site "?"]
[Date "2007.11.24"]
[Round "3.7"]
[White "Straeter, Timo"]
[Black "Vogt, Lothar"]
[Result "1/2-1/2"]
[WhiteElo "2325"]
[BlackElo "2473"]
[PlyCount "40"]
[EventDate "2007.??.??"]

1. d4 Nf6 2. c4 g6 3. Nc3 Bg7 4. e4 d6 5. Be2 O-O 6. Nf3 e5 7. d5 a5 8. Bg5 h6
9. Bh4 Na6 10. Nd2 Bd7 11. a3 c5 12. Nb5 Qb6 13. O-O Nc7 14. Qc2 a4 15. Nc3 Qa6
16. b3 axb3 17. Qxb3 Rfb8 18. Rfb1 Nce8 19. Qb6 Qxb6 20. Rxb6 Ra6 1/2-1/2

[Event "BL 0708 SC Eppingen - SV Wattenscheid"]
[Site "?"]
[Date "2007.11.24"]
[Round "3.8"]
[White "Meinhardt, Maximillian"]
[Black "Thiel, Thomas"]
[Result "1/2-1/2"]
[WhiteElo "2390"]
[BlackElo "2283"]
[PlyCount "85"]
[EventDate "2007.??.??"]

1. e4 c5 2. Nc3 Nc6 3. Bb5 Nd4 4. Bc4 e6 5. Nf3 Nf6 6. O-O a6 7. d3 b5 8. Bb3
Nxb3 9. axb3 Bb7 10. e5 b4 11. Na4 Nd5 12. d4 cxd4 13. Qxd4 Rc8 14. c3 Qc7 15.
Rd1 Ne7 16. Qxb4 Bxf3 17. gxf3 Ng6 18. Qc4 Qb7 19. Qe4 Qxb3 20. Be3 Be7 21. Nb6
Rd8 22. Rd2 f5 23. Qc4 Qxc4 24. Nxc4 Rc8 25. Nb6 Rc6 26. f4 Nxf4 27. Rxa6 Ng6
28. Ra8+ Kf7 29. Rxh8 Nxh8 30. Rxd7 Ng6 31. f4 Ke8 32. Rb7 Bc5 33. Rb8+ Kf7 34.
Rb7+ Kg8 35. Bxc5 Rxc5 36. Nd7 Rd5 37. c4 Rd2 38. c5 Nh4 39. c6 Nf3+ 40. Kf1
Nxh2+ 41. Ke1 Nf3+ 42. Kf1 Nh2+ 43. Ke1 1/2-1/2

[Event "BL 0708 Erfurter SK - Hamburger SK"]
[Site "?"]
[Date "2007.11.24"]
[Round "3.1"]
[White "Ftacnik, Lubomir Dr"]
[Black "Kraemer, Martin"]
[Result "1/2-1/2"]
[WhiteElo "2553"]
[BlackElo "2436"]
[PlyCount "87"]

1. Nf3 Nf6 2. c4 e6 3. g3 b6 4. Bg2 Bb7 5. O-O Be7 6. Nc3 O-O 7. Re1 d5 8. cxd5
Nxd5 9. e4 Nxc3 10. bxc3 c5 11. d4 cxd4 12. cxd4 Nc6 13. Bb2 Bf6 14. Qa4 a6 15.
Rad1 b5 16. Qc2 Rc8 17. Qb1 Na5 18. d5 Bxb2 19. Qxb2 Nc4 20. Qd4 Qd6 21. Nd2
exd5 22. exd5 Nxd2 23. Rxd2 Rfe8 24. Rdd1 g6 25. h4 h5 26. Rc1 Rxe1+ 27. Rxe1
b4 28. Qa7 Ba8 29. Re2 Rd8 30. Rc2 Kg7 31. Qd4+ Qf6 32. Qc5 Qd6 33. Qa5 Rb8 34.
Rc5 Rb6 35. Kh2 Rb8 36. Kh1 Qe5 37. Kh2 Qd6 38. Kg1 Rb6 39. Kh1 Rb8 40. Kh2 Kh6
41. Bf1 Rb6 42. Kg1 Kg7 43. Bc4 Bb7 44. Bf1 1/2-1/2

[Event "BL 0708 Erfurter SK - Hamburger SK"]
[Site "?"]
[Date "2007.11.24"]
[Round "3.2"]
[White "Votava, Jan"]
[Black "Hansen, Sune Berg"]
[Result "1/2-1/2"]
[WhiteElo "2546"]
[BlackElo "2564"]
[PlyCount "93"]

1. d4 d5 2. Nf3 c6 3. Bf4 Qb6 4. b3 Nf6 5. e3 Bf5 6. Be2 e6 7. O-O Nbd7 8. Nbd2
h6 9. a3 Be7 10. c4 O-O 11. b4 Qd8 12. Ne5 Ne4 13. Nxe4 Bxe4 14. c5 f6 15. Nxd7
Qxd7 16. a4 Bd8 17. b5 Re8 18. Ra2 e5 19. Bg3 Ba5 20. Qb3 Qf7 21. Rb2 Re7 22.
Bd3 Rd8 23. h3 Qg6 24. Bxe4 Qxe4 25. dxe5 fxe5 26. Rd1 Rf8 27. Re2 Kh8 28. Rb2
h5 29. Qc2 Qxc2 30. Rxc2 g5 31. f3 g4 32. hxg4 hxg4 33. fxg4 Rg8 34. g5 Re6 35.
Bh4 Bd8 36. Rb1 Rg7 37. Rf2 Kg8 38. Rf5 Be7 39. Rc1 a6 40. bxa6 bxa6 41. Kf2 e4
42. Kg3 Kh7 43. Kg4 Kg6 44. Be1 Rh7 45. Bg3 Rh5 46. Bf4 Rh8 47. Bg3 1/2-1/2

[Event "BL 0708 Erfurter SK - Hamburger SK"]
[Site "?"]
[Date "2007.11.24"]
[Round "3.3"]
[White "Mueller, Karsten Dr"]
[Black "Haba, Petr"]
[Result "1/2-1/2"]
[WhiteElo "2515"]
[BlackElo "2525"]
[PlyCount "41"]

1. e4 e5 2. Bc4 Nf6 3. d3 c6 4. Nf3 Be7 5. O-O d6 6. Re1 O-O 7. Nbd2 Nbd7 8. c3
Qc7 9. Bb3 Nc5 10. Bc2 Bg4 11. Nf1 Ne6 12. h3 Bxf3 13. Qxf3 Nd7 14. Qg4 Nf6 15.
Qf5 Nf4 16. Bxf4 g6 17. Qg5 Nh5 18. Qg4 Nxf4 19. Ng3 h5 20. Qf3 Kg7 21. Ne2
1/2-1/2

[Event "BL 0708 Erfurter SK - Hamburger SK"]
[Site "?"]
[Date "2007.11.24"]
[Round "3.4"]
[White "Kuczynski, Robert"]
[Black "Heinemann, Thies"]
[Result "1/2-1/2"]
[WhiteElo "2483"]
[BlackElo "2478"]
[PlyCount "47"]

1. e4 c5 2. Nf3 d6 3. d4 cxd4 4. Nxd4 Nf6 5. Nc3 a6 6. Be2 e5 7. Nb3 Be7 8. O-O
O-O 9. Be3 Be6 10. Qd2 Nbd7 11. a4 Rc8 12. a5 Nc5 13. Nxc5 dxc5 14. Qxd8 Rfxd8
15. f3 c4 16. Rfd1 Kf8 17. Rxd8+ Rxd8 18. Kf2 Rc8 19. Nb1 Bc5 20. c3 Ne8 21.
Nd2 Nd6 22. g3 f6 23. f4 g6 24. fxe5 1/2-1/2

[Event "BL 0708 Erfurter SK - Hamburger SK"]
[Site "?"]
[Date "2007.11.24"]
[Round "3.6"]
[White "Mueller, Matthias"]
[Black "Reeh, Oliver"]
[Result "1/2-1/2"]
[WhiteElo "2405"]
[BlackElo "2427"]
[PlyCount "47"]

1. e4 c5 2. Nf3 d6 3. d4 cxd4 4. Nxd4 Nf6 5. Nc3 Nc6 6. Bg5 e6 7. Qd2 Be7 8.
O-O-O Nxd4 9. Qxd4 O-O 10. f4 Qa5 11. Bc4 Bd7 12. e5 dxe5 13. fxe5 Bc6 14. Bd2
Nd7 15. Nd5 Qd8 16. Nxe7+ Qxe7 17. Rhe1 Rfd8 18. Bf1 Nf8 19. Qb4 Qc7 20. Bc3
Rd5 21. Rxd5 Bxd5 22. Kb1 Rd8 23. g3 Ng6 24. Bd3 1/2-1/2

[Event "BL 0708 Erfurter SK - Hamburger SK"]
[Site "?"]
[Date "2007.11.24"]
[Round "3.7"]
[White "Sebastian, Dirk"]
[Black "Enders, Peter"]
[Result "1/2-1/2"]
[WhiteElo "2445"]
[BlackElo "2441"]
[PlyCount "120"]

1. e4 c5 2. Nc3 Nc6 3. Nge2 Nf6 4. d4 cxd4 5. Nxd4 d6 6. Be2 e5 7. Nf3 h6 8.
O-O Be7 9. Re1 O-O 10. h3 a6 11. Bf1 b5 12. a4 b4 13. Nd5 Nxd5 14. exd5 Na5 15.
Bd2 Rb8 16. Re4 b3 17. Qe1 Nb7 18. cxb3 Nc5 19. Rb4 Bd7 20. Rxb8 Qxb8 21. Bb4
Bf6 22. Bxc5 dxc5 23. Nd2 e4 24. Qxe4 Bxb2 25. Rb1 Bc3 26. Qd3 Qb4 27. Nf3 Rb8
28. Qc4 a5 29. Rc1 Bf6 30. Qxb4 Rxb4 31. Rxc5 Rxb3 32. Rxa5 Rb1 33. g4 h5 34.
Kg2 g6 35. gxh5 gxh5 36. Bd3 Rb3 37. Be2 Ra3 38. Ra8+ Kg7 39. d6 Ra2 40. Ra7
Be6 41. Bd3 Bd5 42. Ra5 Bc6 43. Rc5 Bxf3+ 44. Kxf3 Rxa4 45. Bc4 Ra3+ 46. Kg2
Kg6 47. Rc7 Be5 48. Rc6 Kf6 49. d7+ Ke7 50. Bb5 Ra5 51. Rc8 Bc7 52. Re8+ Kf6
53. Bc4 Ra4 54. Rc8 Ba5 55. Rc5 Bd8 56. Bb5 Rd4 57. Rxh5 Be7 58. Rh8 Kg7 59.
Re8 Bh4 60. Bc6 Rd6 1/2-1/2

[Event "BL 0708 Erfurter SK - Hamburger SK"]
[Site "?"]
[Date "2007.11.24"]
[Round "3.8"]
[White "Casper, Thomas"]
[Black "Huschenbeth, Niclas"]
[Result "1/2-1/2"]
[WhiteElo "2421"]
[BlackElo "2318"]
[PlyCount "74"]

1. e4 e5 2. Bc4 Nf6 3. d3 c6 4. Nf3 d5 5. Bb3 Bd6 6. Nc3 dxe4 7. Nxe4 Nxe4 8.
dxe4 Na6 9. Ng5 Bb4+ 10. c3 Qxd1+ 11. Kxd1 Bc5 12. Bxf7+ Ke7 13. Bb3 h6 14. Nf3
Bg4 15. Ke2 Rhf8 16. h3 Bh5 17. Be3 Bxe3 18. Kxe3 Bxf3 19. gxf3 Rf4 20. h4 Raf8
21. Rh3 g6 22. Rg1 R4f6 23. Rhg3 Nc5 24. Ke2 a5 25. Rxg6 Rxf3 26. R1g2 a4 27.
Bg8 R3f4 28. Rg7+ Ke8 29. Bh7 Rxh4 30. Bf5 a3 31. bxa3 Nxe4 32. Bxe4 Rxe4+ 33.
Kd3 Ref4 34. Rxb7 Rxf2 35. Rg6 R2f6 36. Rxf6 Rxf6 37. Ke4 Rf2 1/2-1/2

[Event "BL 0708 Bindl-Aktionär - Werder Bremen"]
[Site "?"]
[Date "2007.11.24"]
[Round "3.1"]
[White "Efimenko, Zahar"]
[Black "Baklan, Vladimir"]
[Result "1/2-1/2"]
[WhiteElo "2624"]
[BlackElo "2639"]
[PlyCount "72"]

1. e4 c5 2. Nf3 d6 3. d4 cxd4 4. Nxd4 Nf6 5. Nc3 Nc6 6. Bg5 e6 7. Qd2 Be7 8.
O-O-O Nxd4 9. Qxd4 O-O 10. f4 Qa5 11. Bc4 Bd7 12. e5 dxe5 13. fxe5 Bc6 14. Bd2
Nd7 15. Nd5 Qc5 16. Nxe7+ Qxe7 17. Rhe1 Nb6 18. Bf1 Rfd8 19. Qg4 Rac8 20. Bh6
Rxd1+ 21. Rxd1 f5 22. exf6 Qxf6 23. Be3 h5 24. Qf4 Nd5 25. Qxf6 gxf6 26. Bxa7
Ra8 27. Bd4 e5 28. Bc5 Rxa2 29. c4 Ra5 30. Bf2 Nf4 31. g3 Bf3 32. Rd8+ Kf7 33.
gxf4 Ra1+ 34. Kd2 Rxf1 35. Ke3 Bc6 36. fxe5 fxe5 1/2-1/2

[Event "BL 0708 Bindl-Aktionär - Werder Bremen"]
[Site "?"]
[Date "2007.11.24"]
[Round "3.2"]
[White "Bindrich, Falko"]
[Black "Areshchenko, Alexander"]
[Result "1/2-1/2"]
[WhiteElo "2512"]
[BlackElo "2638"]
[PlyCount "59"]

1. e4 c5 2. Nf3 d6 3. d4 cxd4 4. Nxd4 Nf6 5. Nc3 a6 6. Be2 e5 7. Nb3 Be7 8. Bg5
Be6 9. Bxf6 Bxf6 10. Qd3 O-O 11. O-O-O Qb6 12. Qxd6 Qxf2 13. Nc5 Be7 14. Qxe7
Nc6 15. Qd6 Rad8 16. Qc7 Qxc5 17. Rxd8 Rxd8 18. Rd1 Rxd1+ 19. Bxd1 Qe3+ 20. Kb1
Qa7 21. a3 g6 22. b4 Kg7 23. Kb2 h5 24. Be2 h4 25. Bd3 Kh6 26. h3 Kg5 27. Ne2
Kf6 28. Nc3 Kg5 29. Ne2 Kf6 30. Nc3 1/2-1/2

[Event "BL 0708 Bindl-Aktionär - Werder Bremen"]
[Site "?"]
[Date "2007.11.24"]
[Round "3.3"]
[White "Meier, Georg"]
[Black "Slobodjan, Roman"]
[Result "1/2-1/2"]
[WhiteElo "2558"]
[BlackElo "2547"]
[PlyCount "57"]

1. d4 d5 2. c4 c6 3. Nc3 Nf6 4. Nf3 a6 5. a4 e6 6. Bg5 a5 7. e3 Be7 8. Be2 O-O
9. O-O b6 10. Rc1 Ba6 11. Qb3 Nbd7 12. cxd5 Bxe2 13. Nxe2 Nxd5 14. Bxe7 Nxe7
15. Nf4 Rc8 16. e4 Nf6 17. Rfe1 c5 18. dxc5 Rxc5 19. Rxc5 bxc5 20. Nd3 Qc7 21.
Qc4 Rc8 22. Rc1 Qb8 23. Nfe5 Ng6 24. Nxg6 hxg6 25. f3 Nd7 26. Qa6 Qc7 27. b3
Rb8 28. Rc3 Rb6 29. Qc4 1/2-1/2

[Event "BL 0708 Bindl-Aktionär - Werder Bremen"]
[Site "?"]
[Date "2007.11.24"]
[Round "3.4"]
[White "Bunzmann, Dimitri"]
[Black "Kritz, Leonid"]
[Result "0-1"]
[WhiteElo "2518"]
[BlackElo "2596"]
[PlyCount "50"]

1. c4 c5 2. Nf3 Nf6 3. Nc3 e6 4. g3 b6 5. Bg2 Bb7 6. O-O d6 7. d4 cxd4 8. Qxd4
Be7 9. Bg5 a6 10. Bxf6 Bxf6 11. Qf4 O-O 12. Rfd1 Be7 13. Ne4 Bxe4 14. Qxe4 Ra7
15. Rac1 Rd7 16. Nd4 Bf6 17. b4 Qc7 18. Nb3 Rc8 19. a4 Bb2 20. Rc2 d5 21. Qg4
dxc4 22. Rxd7 Nxd7 23. Rxb2 cxb3 24. Rxb3 Qc2 25. Qf3 Qd1+ 0-1

[Event "BL 0708 Bindl-Aktionär - Werder Bremen"]
[Site "?"]
[Date "2007.11.24"]
[Round "3.5"]
[White "Hracek, Zbynek"]
[Black "Markos, Jan"]
[Result "1-0"]
[WhiteElo "2598"]
[BlackElo "2565"]
[PlyCount "81"]

1. e4 c5 2. Nf3 Nc6 3. d4 cxd4 4. Nxd4 Nf6 5. Nc3 e5 6. Ndb5 d6 7. Bg5 a6 8.
Na3 b5 9. Nd5 Be7 10. Bxf6 Bxf6 11. c3 Bg5 12. Nc2 Ne7 13. h4 Bh6 14. a4 bxa4
15. Ncb4 O-O 16. Qxa4 Nxd5 17. Nxd5 Be6 18. Qa5 Qb8 19. b4 Ra7 20. Be2 Rc8 21.
O-O Bd2 22. Rfd1 Bxd5 23. Rxd2 Bxe4 24. b5 Rc5 25. Qb4 Ba8 26. Rxa6 Rxa6 27.
bxa6 Qf8 28. a7 g6 29. Qb8 Rc8 30. Qxd6 Qxd6 31. Rxd6 Kg7 32. c4 Rc7 33. Ra6
Kf8 34. g4 h6 35. f3 Ke7 36. Kf2 Kd7 37. Bd3 Rc8 38. h5 Rf8 39. Be4 gxh5 40.
gxh5 Ke7 41. Ke3 1-0

[Event "BL 0708 Bindl-Aktionär - Werder Bremen"]
[Site "?"]
[Date "2007.11.24"]
[Round "3.6"]
[White "Stohl, Igor Dr"]
[Black "Nyback, Tomi"]
[Result "1/2-1/2"]
[WhiteElo "2545"]
[BlackElo "2565"]
[PlyCount "65"]

1. d4 Nf6 2. c4 e6 3. g3 Bb4+ 4. Bd2 Be7 5. Bg2 d5 6. Nf3 O-O 7. O-O c6 8. Qc2
Nbd7 9. Bf4 a5 10. Nbd2 Nh5 11. Be3 b6 12. cxd5 cxd5 13. Ne5 Bb7 14. Nc6 Qe8
15. Nxe7+ Qxe7 16. Rfc1 Rfc8 17. Qa4 Nhf6 18. Nf3 Ba6 19. Bf1 Rc4 20. Qd1 Rac8
21. b3 Rxc1 22. Rxc1 Qe8 23. Ne5 Ne4 24. f3 Nc3 25. Qd2 Nxe5 26. dxe5 Nxe2+ 27.
Bxe2 Rxc1+ 28. Qxc1 Bxe2 29. Kf2 Ba6 30. Qc7 a4 31. Bxb6 axb3 32. axb3 h6 33.
Qd8 1/2-1/2

[Event "BL 0708 Bindl-Aktionär - Werder Bremen"]
[Site "?"]
[Date "2007.11.24"]
[Round "3.7"]
[White "Babula, Vlastimil"]
[Black "Bezold, Michael"]
[Result "1-0"]
[WhiteElo "2596"]
[BlackElo "2521"]
[PlyCount "45"]

1. d4 d6 2. Nf3 g6 3. c4 Bg7 4. Nc3 c5 5. e4 cxd4 6. Nxd4 Nc6 7. Be3 Nf6 8. Be2
O-O 9. O-O Bd7 10. Nc2 Rc8 11. f3 Na5 12. b3 a6 13. Rc1 b5 14. Nd5 Rb8 15.
Nxf6+ Bxf6 16. cxb5 axb5 17. Nb4 Qe8 18. Qd2 Qd8 19. Rc2 Bg7 20. Rfc1 Rb7 21.
Nd5 e6 22. Nb4 Rb6 23. Rc7 1-0

[Event "BL 0708 Bindl-Aktionär - Werder Bremen"]
[Site "?"]
[Date "2007.11.24"]
[Round "3.8"]
[White "Schneider, Ilja"]
[Black "Fish, Gennadij"]
[Result "1/2-1/2"]
[WhiteElo "2442"]
[BlackElo "2546"]
[PlyCount "48"]

1. d4 d5 2. c4 e6 3. Nc3 c5 4. cxd5 exd5 5. Nf3 Nc6 6. g3 Nf6 7. Bg2 Be7 8. O-O
Be6 9. Bg5 Ne4 10. Bxe7 Qxe7 11. Nxe4 dxe4 12. Ne5 Nxd4 13. e3 Nf3+ 14. Bxf3
exf3 15. Qa4+ Kf8 16. Rfd1 Qf6 17. Nd7+ Bxd7 18. Rxd7 g6 19. Rad1 Kg7 20. R1d6
Qf5 21. g4 Qb1+ 22. Rd1 Qxb2 23. Rxf7+ Kxf7 24. Qd7+ Kf8 1/2-1/2

[Event "BL 0708 OSC Baden Baden - SC Remagen"]
[Site "?"]
[Date "2007.12.16"]
[Round "3.4"]
[White "Naiditsch, Arkadij"]
[Black "Degraeve, Jean-Marc"]
[Result "1-0"]
[WhiteElo "2639"]
[BlackElo "2546"]
[PlyCount "54"]
[EventDate "2007.??.??"]

1. e4 e6 2. d4 d5 3. Nc3 dxe4 4. Nxe4 Nd7 5. Nf3 Ngf6 6. Bg5 h6 7. Nxf6+ Nxf6
8. Be3 Nd5 9. Bd2 c5 10. Bb5+ Bd7 11. Qe2 Bxb5 12. Qxb5+ Qd7 13. Qxd7+ Kxd7 14.
c4 Nb6 15. b3 cxd4 16. O-O-O Bc5 17. Be3 Ke7 18. Nxd4 Rac8 19. Kb2 Kf6 20. h4
Rhd8 21. Nb5 Bxe3 22. fxe3 Rxd1 23. Rxd1 a6 24. Nd6 Rd8 25. c5 Ke7 26. Rf1 Rf8
27. Nxb7 Nd5 1-0

[Event "BL 0708 OSC Baden Baden - SC Remagen"]
[Site "?"]
[Date "2007.12.16"]
[Round "3.6"]
[White "Dautov, Rustem"]
[Black "Mainka, Romuald"]
[Result "1-0"]
[WhiteElo "2590"]
[BlackElo "2496"]
[PlyCount "131"]
[EventDate "2007.??.??"]

1. d4 d5 2. c4 c6 3. Nf3 Nf6 4. e3 Bg4 5. Nc3 e6 6. h3 Bxf3 7. Qxf3 Nbd7 8. Bd3
Bb4 9. O-O O-O 10. Qd1 Qe7 11. a3 dxc4 12. Bxc4 Bd6 13. e4 e5 14. d5 Nb6 15.
Ba2 cxd5 16. exd5 e4 17. Re1 Qe5 18. f4 Qf5 19. g4 Qd7 20. Kg2 Rad8 21. g5 Ne8
22. Nxe4 Bb8 23. Be3 Nd6 24. Bc5 Rfe8 25. Bxd6 Bxd6 26. Qf3 Qb5 27. b4 Bf8 28.
Rad1 Nc8 29. Bb1 Nd6 30. Nc5 Qc4 31. Qd3 Qxd3 32. Bxd3 g6 33. Rxe8 Rxe8 34. Kf3
Bg7 35. Ne4 Rd8 36. Rc1 Nxe4 37. Bxe4 Bb2 38. Rc7 Bxa3 39. Rxb7 Kf8 40. h4 Ke8
41. Kg4 Rd7 42. Rb8+ Rd8 43. Rb5 Bb2 44. f5 Bd4 45. Ra5 Kd7 46. f6 Bb6 47. Ra2
Rc8 48. Bd3 Rc3 49. Bb5+ Kd8 50. d6 Rb3 51. Ra4 Re3 52. Bc6 Re5 53. b5 Bc5 54.
d7 Re3 55. Ra2 Bd6 56. h5 Bb8 57. hxg6 hxg6 58. b6 Rc3 59. Bd5 Rg3+ 60. Kh4 Rd3
61. Bxf7 Rd4+ 62. Kh3 Rd3+ 63. Kg4 Rd4+ 64. Kf3 axb6 65. Ra8 Kc7 66. Be6 1-0

[Event "BL 0708 OSC Baden Baden - SC Remagen"]
[Site "?"]
[Date "2007.12.16"]
[Round "3.7"]
[White "Boidman, Yuri"]
[Black "Schlosser, Philipp"]
[Result "0-1"]
[WhiteElo "2450"]
[BlackElo "2579"]
[PlyCount "112"]
[EventDate "2007.??.??"]

1. e4 c5 2. Nf3 e6 3. g3 Nc6 4. Bg2 d5 5. exd5 exd5 6. O-O Nf6 7. d4 Be7 8.
dxc5 Bxc5 9. Nbd2 O-O 10. Nb3 Bb6 11. c3 Re8 12. Nbd4 Bg4 13. Qd3 Ne4 14. Be3
Qf6 15. Rae1 h6 16. a3 Rad8 17. Nxc6 bxc6 18. Bxb6 axb6 19. Nd4 Ng5 20. Re3
Nh3+ 21. Bxh3 Bxh3 22. Rfe1 Rxe3 23. Qxe3 c5 24. Nf3 Qf5 25. Qf4 Qxf4 26. gxf4
Rd6 27. Ne5 Rf6 28. Re3 Be6 29. Rf3 Kf8 30. Kf1 Ke7 31. Ke2 Rf5 32. Ke3 Rh5 33.
Rg3 g6 34. Nf3 Bf5 35. h4 Kd6 36. b4 Bc2 37. Ne5 Ke6 38. Nf3 Bd1 39. bxc5 bxc5
40. a4 Bxa4 41. Rg1 Bc6 42. Ne5 Be8 43. Nf3 Kf6 44. Ra1 Bd7 45. Ra7 Be6 46. Rc7
d4+ 47. cxd4 cxd4+ 48. Kxd4 Ra5 49. Rc3 Ra1 50. Ke4 Rf1 51. Rc5 Rxf2 52. h5 Bg4
53. Rc6+ Kg7 54. Ne5 Bxh5 55. Rc7 g5 56. f5 Rf4+ 0-1

[Event "BL 0708 SG Turm Trier - Godesberger SK"]
[Site "?"]
[Date "2007.12.16"]
[Round "3.1"]
[White "Kasimdzhanov, Rustam"]
[Black "Kotronias, Vasilios"]
[Result "1-0"]
[WhiteElo "2690"]
[BlackElo "2614"]
[PlyCount "57"]
[EventDate "2007.??.??"]

1. e4 c5 2. Nf3 Nc6 3. d4 cxd4 4. Nxd4 Nf6 5. Nc3 d6 6. Bg5 e6 7. Qd2 Be7 8.
O-O-O O-O 9. f4 Nxd4 10. Qxd4 Qa5 11. Bc4 b5 12. Bxb5 Rb8 13. e5 dxe5 14. fxe5
Rxb5 15. exf6 Rb4 16. Qe3 Bc5 17. Qg3 Bf2 18. Qxf2 Qxg5+ 19. Rd2 Rd8 20. Rhd1
Rbd4 21. Ne4 Qh6 22. g4 R4d5 23. c4 R5d7 24. g5 Qg6 25. Rxd7 Rxd7 26. Rxd7 Bxd7
27. Qxa7 h6 28. Qb8+ Kh7 29. fxg7 1-0

[Event "BL 0708 SG Turm Trier - Godesberger SK"]
[Site "?"]
[Date "2007.12.16"]
[Round "3.3"]
[White "Sprenger, Jan-Michael"]
[Black "Bobras, Piotr"]
[Result "0-1"]
[WhiteElo "2536"]
[BlackElo "2564"]
[PlyCount "114"]
[EventDate "2007.??.??"]

1. e4 c5 2. Nf3 d6 3. d4 cxd4 4. Nxd4 Nf6 5. Nc3 a6 6. f4 e5 7. Nf3 Nbd7 8. a4
Be7 9. Bc4 O-O 10. O-O exf4 11. Bxf4 Qb6+ 12. Qd4 Qxd4+ 13. Nxd4 Ne5 14. Bb3
Bd7 15. Nf5 Bxf5 16. exf5 Rac8 17. Rad1 Rfe8 18. Nd5 Nxd5 19. Rxd5 Nc4 20. Re1
Kf8 21. Re4 Nb6 22. Rd3 Nd7 23. Bxd6 Bxd6 24. Rxe8+ Kxe8 25. Rxd6 Ke7 26. Rd4
Nc5 27. Rb4 Rc7 28. Bd5 a5 29. Rc4 b6 30. Kf2 Rd7 31. Bf3 Kf6 32. g4 Rd2+ 33.
Kg3 Ke5 34. b3 h6 35. h4 f6 36. b4 axb4 37. Rxb4 Rxc2 38. Rxb6 Rc3 39. Rb5 Kd4
40. Rb8 Ra3 41. Rd8+ Kc4 42. Rg8 Nd7 43. Kf4 Ne5 44. Be4 Kd4 45. Rd8+ Kc3 46.
Ra8 Kd2 47. a5 Ra4 48. Rd8+ Ke2 49. Rd5 Nf3 50. Rd7 Nd2 51. Re7 Kf2 52. a6 Nf3
53. Rb7 Ng1 54. g5 Ne2+ 55. Kg4 Rxe4+ 56. Kh5 Nf4+ 57. Kg4 h5# 0-1

[Event "BL 0708 SG Turm Trier - Godesberger SK"]
[Site "?"]
[Date "2007.12.16"]
[Round "3.4"]
[White "Flumbort, Andras"]
[Black "Kveinys, Aloyzas"]
[Result "0-1"]
[WhiteElo "2499"]
[BlackElo "2517"]
[PlyCount "96"]
[EventDate "2007.??.??"]

1. d4 Nf6 2. c4 e6 3. Nc3 Bb4 4. Qc2 O-O 5. a3 Bxc3+ 6. Qxc3 b6 7. Bg5 Bb7 8.
e3 d6 9. Ne2 Nbd7 10. Qd3 Qe7 11. Nc3 c5 12. Rd1 Rfd8 13. d5 h6 14. Bh4 Ne5 15.
Qc2 exd5 16. cxd5 Ng6 17. Bg3 Nh5 18. Be2 Nxg3 19. hxg3 a6 20. a4 Bc8 21. O-O
Ne5 22. e4 Ng4 23. Qd2 Nf6 24. Bd3 Bd7 25. Rfe1 Qe5 26. Qf4 g5 27. Qe3 Re8 28.
Bc4 Ng4 29. Qe2 h5 30. f3 Nh6 31. Qf2 Kh8 32. f4 Qg7 33. Be2 Bg4 34. Bxg4 Nxg4
35. Qf3 f6 36. Rf1 Ra7 37. Rde1 Rae7 38. Qd3 Ra8 39. Re2 Qg6 40. Rfe1 Rh7 41.
Qf3 Rg8 42. Rb1 Qg7 43. Rd1 Rh6 44. Rdd2 Qd7 45. Re1 h4 46. gxh4 Rxh4 47. fxg5
Rxg5 48. e5 Rf5 0-1